Lidické podvečery s hvězdami ...
Record details
- Physical Description: ^^^svazků ; 18 cm
- Publisher: Lidice : Slávka Kopecká, 2009-
Content descriptions
| General Note: | Od čísla II je součástí názvu římská číslovka Jednotlivé svazky mají ISBN |
Search for related items by subject
| Genre: | rozhovory besedy interviews talks |
Available copies
- 1 of 1 copy available at Common Catalog SPOK.
Holds
- 0 current holds with 1 total copy.
Show Only Available Copies
| Location | Call Number / Copy Notes | Barcode | Shelving Location | Status | Due Date |
|---|---|---|---|---|---|
| The Jewish community of Prague | K 3102 | 4638300186 | K - Beletrie | Available | - |
Electronic resources
Version of Resource: Digitalizovaný dokument
| LDR | 02843nas a2200733 i 4500 | ||
|---|---|---|---|
| 001 | 52314 | ||
| 003 | CZ-PrJAB | ||
| 005 | 20200618120255.0 | ||
| 007 | ta | ||
| 008 | 170921c20099999xr ar p 0 b0cze | ||
| 015 | . | ‡acnb002933960 ‡zcnb002024562 ‡zcnb002218932 ‡zcnb002461874 ‡zcnb002582724 ‡zcnb002662448 ‡zcnb002773129 ‡zcnb002880764 | |
| 035 | . | ‡a(CZ PrNK)nkc20172933960 | |
| 035 | . | ‡a(OCoLC)1005736343 | |
| 035 | . | ‡a(OCoLC)505915259 | |
| 035 | . | ‡a(OCoLC)768556765 | |
| 035 | . | ‡a(OCoLC)857951809 | |
| 035 | . | ‡a(OCoLC)886602580 | |
| 035 | . | ‡a(OCoLC)908821201 | |
| 035 | . | ‡a(OCoLC)951553201 | |
| 040 | . | ‡aABA001 ‡bcze ‡dOLA001 ‡erda | |
| 043 | . | ‡ae-xr--- ‡be-xr-st ‡2czenas | |
| 045 | . | ‡ax-y- | |
| 072 | 7. | ‡a929 ‡xBiografie ‡2Konspekt ‡98 | |
| 080 | . | ‡a929-058.1 ‡2MRF | |
| 080 | . | ‡a7.071 ‡2MRF | |
| 080 | . | ‡a(437.3) ‡2MRF | |
| 080 | . | ‡a(437.312) ‡2MRF | |
| 080 | . | ‡a(047.53) ‡2MRF | |
| 080 | . | ‡a(0:82-83) ‡2MRF | |
| 245 | 0 | 0. | ‡aLidické podvečery s hvězdami ... |
| 264 | 1. | ‡aLidice : ‡bSlávka Kopecká, ‡c2009- | |
| 264 | 3 | 1. | ‡32011- ‡aLidice : ‡bpro Památník Lidice vydal Ivan Ulrych - nakladatelství Vega-L |
| 300 | . | ‡a^^^svazků ; ‡c18 cm | |
| 310 | . | ‡a1x ročně, ‡b2013- | |
| 321 | . | ‡a1x za 2 roky, ‡b2009-2011 | |
| 336 | . | ‡atext ‡btxt ‡2rdacontent | |
| 337 | . | ‡abez média ‡bn ‡2rdamedia | |
| 338 | . | ‡asvazek ‡bnc ‡2rdacarrier | |
| 362 | 0 | . | ‡aI (2009)- |
| 500 | . | ‡aOd čísla II je součástí názvu římská číslovka | |
| 500 | . | ‡aJednotlivé svazky mají ISBN | |
| 610 | 2 | 7. | ‡aLidická galerie (Lidice, Česko) ‡7kn20041201023 ‡2czenas |
| 648 | 7. | ‡a20.-21. století ‡7ch462155 ‡2czenas | |
| 650 | 0 | 7. | ‡aosobnosti ‡7ph115615 ‡zČesko ‡y20.-21. století ‡2czenas |
| 650 | 0 | 7. | ‡aumělci ‡7ph116527 ‡zČesko ‡y20.-21. století ‡2czenas |
| 650 | 0 | 9. | ‡acelebrities ‡zCzechia ‡y20th-21st centuries ‡2eczenas |
| 650 | 0 | 9. | ‡aartists ‡zCzechia ‡y20th-21st centuries ‡2eczenas |
| 651 | 7. | ‡aLidice (Česko) ‡7ge129819 ‡2czenas | |
| 651 | 9. | ‡aLidice (Czechia) ‡2eczenas | |
| 655 | 7. | ‡arozhovory ‡7fd133303 ‡2czenas | |
| 655 | 7. | ‡abesedy ‡7fd187836 ‡2czenas | |
| 655 | 9. | ‡ainterviews ‡2eczenas | |
| 655 | 9. | ‡atalks ‡2eczenas | |
| 710 | 2 | . | ‡aPamátník Lidice ‡7kn20021001004 ‡4orm ‡4pbl |
| 856 | 4 | 1. | ‡uhttp://krameriusndk.nkp.cz/search/handle/uuid:a9b694d0-aa67-11ea-803f-5ef3fc9ae867 ‡yDigitalizovaný dokument |
| 902 | . | ‡a978-80-86631-83-7 ‡q(1/2009 ; ‡qvázáno) | |
| 902 | . | ‡a978-80-87275-45-0 ‡q(2/2011 ; ‡qIvan Ulrych - Vega L ; ‡qvázáno) ‡z9788087275450 | |
| 902 | . | ‡a978-80-87275-64-1 ‡q(3/2013 ; ‡qvázáno) | |
| 902 | . | ‡a978-80-87275-74-0 ‡q(4/2014 ; ‡qvázáno) | |
| 902 | . | ‡a978-80-87275-77-1 ‡q(5/2015 ; ‡qIvan Ulrych - Vega-L ; ‡qvázáno) | |
| 902 | . | ‡a978-80-88072-04-1 ‡q(6/2016 ; ‡qIvan Ulrych - Vega-L ; ‡qvázáno) | |
| 902 | . | ‡a978-80-88072-23-2 ‡q(7/2017 ; ‡qIvan Ulrych - Vega L ; ‡qvázáno) | |
| 910 | . | ‡aABE461 | |
| 995 | . | ‡aska | |
| 901 | . | ‡a52314 ‡bAUTOGEN ‡c52314 ‡tbiblio | |